000 00576nam a2200205 a 4500
005 20240928063736.0
008 020829s1999 mx r 000 0 spa d
020 _a8473561902
035 _aUPN01000118710
049 _aCG
050 4 _aHF5549
_bU7.3 1999
100 1 _aUrcola Tellería, Juan Luis
245 1 0 _aDirigir personas en tiempos de cambio /
_cJuan Luis Urcola Tellería.
250 _a2a ed.
260 _aMadrid :
_bESIC,
_c1999.
300 _a343 p.
650 4 _aPERSONAL -
_xDIRECCION
_911025
650 4 _aEmpresas
_xAdministración
_9229
905 _aLibro
999 _c91076
_d91076